000 00890nam1a22002411i 4500
001 rc\2611382
005 20240726105521.0
035 _a(NLR Aleph) 006775249
090 _a5986804
_c5986804
100 _a20110914d1930 |||y0rusy50 ca
101 0 _arus
102 _aRU
105 _ak z |||||
200 1 _aО фракционной работе правых
_fС. Голосовский
210 _aМосква
_cМолодая гвардия
_d1930
_gтип. изд-ва "Дер Эмес"
215 _a62 с., 1 л. бланка анкеты
_d15х11 см.
320 _aБиблиография: "Список рекомендуемой литературы" (4 названия)
700 1 _aГолосовский
_bС.С.
_gСемен Семенович
801 0 _aRU
_bNLR
_gpsbo
801 1 _aRU
_bELAR
_2rusmarc
852 _aNLR
_j37.39.10.83
942 _cBOOK